000 00467nam a2200133Ia 4500
008 181023s9999 xx 000 0 und d
020 _a9781119372622
100 _aDocter, Quentin.
245 _cQuentin Docter.--
_aCompTIA A+ practice tests /
260 _aIndiana :
_bJohn Wiley & Sons
_c2017
300 _axxxvii, 441 pages.
650 _aElectronic data processing personnel -- certification.
650 _aMicrocomputers -- maintenance and repair -- examinations.
999 _c359336
_d359336